LEADER 01052nam2-2200373---450 001 990001301340203316 005 20220429104635.0 035 $a000130134 035 $aUSA01000130134 035 $a(ALEPH)000130134USA01 035 $a000130134 100 $a20031216d1969----km-y0itay0103----ba 101 0 $ager 102 $aIT 105 $a||||||||001yy 200 1 $a2. : Text zweite Halfe$fErnst Pfuhl 205 $aRistampa anastatica 210 $aRoma$cL'Erma di Bretschneider, 1969$d1969 215 $aP. 504-918$d28 cm 300 $aRistampa anastatica dell'ed: Muenchen, 1923 410 0$12001 454 1$12001 461 1$1001000130108$12001$aMalerei und Zeichnung der Griechen$fErnst Pfuhl 606 0 $aPittura greca 606 0 $aArte decorativa greca 676 $a759.01 700 1$aPFUHL,$bErnst$0209245 801 0$aIT$bsalbc$gISBD 912 $a990001301340203316 951 $aXI.3.B. 211/2(X A 257/2)$b76162 L.M.$cX A 959 $aBK 969 $aUMA 996 $aText zweite Halfe$9929471 997 $aUNISA LEADER 02162nam 22005172 450 001 9910573824503321 005 20160519105901.0 010 $a1-139-52017-2 035 $a(CKB)3820000000006686 035 $a(SSID)ssj0000817972 035 $a(PQKBManifestationID)11465072 035 $a(PQKBTitleCode)TC0000817972 035 $a(PQKBWorkID)10831111 035 $a(PQKB)10978037 035 $a(UkCbUP)CR9781139520171 035 $a(EXLCZ)993820000000006686 100 $a20120531d2013|||| uy| 0 101 0 $aeng 135 $aur||||||||||| 181 $ctxt$2rdacontent 182 $cc$2rdamedia 183 $acr$2rdacarrier 200 14$aThe collected writings of John Maynard Keynes$hVolume 24$iActivities 1944-1946 : the transition to peace /$fedited by Donald Moggridge$b[electronic resource] 205 $a[New edition]. 210 1$aCambridge :$cCambridge University Press for the Royal Economic Society,$d2013. 215 $a1 online resource (xiv, 690 pages) $cdigital, PDF file(s) 225 1 $aThe collected writings of John Maynard Keynes 300 $aTitle from publisher's bibliographic system (viewed on 02 Oct 2015). 311 $a0-521-22017-3 311 $a1-107-68115-4 330 $aIn this volume, the third of three concerned with Keynes's involvement in the problems of financing Britain's war effort after 1939, the concentration is on the final stages of lend lease and the negotiations with the United States for the transition to peacetime conditions and the 1945 loan to Britain. 606 $aWorld War, 1939-1945$xFinance$zGreat Britain 606 $aReconstruction (1939-1951)$zGreat Britain 606 $aLend-lease operations (1941-1945) 615 0$aWorld War, 1939-1945$xFinance 615 0$aReconstruction (1939-1951) 615 0$aLend-lease operations (1941-1945) 676 $a330.941085 700 $aKeynes$b John Maynard$f1883-1946,$034099 702 $aMoggridge$b D. E$g(Donald Edward),$f1943- 801 0$bUkCbUP 801 1$bUkCbUP 906 $aBOOK 912 $a9910573824503321 996 $aCollected writings of John Maynard Keynes$950327 997 $aUNINA